[Event "CZE-chT2D 0809"]
[Site "Czech Republic"]
[Date "2009.03.22"]
[Round "10.1"]
[White "Riska, Lubomir"]
[Black "Novotny, Michal"]
[Result "1-0"]
[WhiteElo "2229"]
[BlackElo "2272"]
[PlyCount "81"]
[EventDate "2008.10.12"]
[EventType "team-tourn"]
[EventRounds "11"]
[EventCountry "CZE"]
[SourceTitle "EXT 2010"]
[Source "ChessBase"]
[SourceDate "2010.11.25"]
[SourceVersion "1"]
[SourceVersionDate "2010.11.25"]
[SourceQuality "1"]

1. Nf3 Nf6 2. c4 g6 3. Nc3 d5 4. cxd5 Nxd5 5. Qa4+ Bd7 6. Qh4 Nxc3 7. dxc3 Nc6 8. Qg3 f6 9. h4 e5 10. h5 g5 11. e4 Qe7 12. Be2 h6 13. Nh2 Nd8 14. Bg4 Ne6 15. 0-0 0-0-0 16. Be3 Kb8 17. Rfd1 Qf7 18. Rd2 Bd6 19. f3 Bc6 20. Qf2 Nf4 21. Bxa7+ Ka8 22. Rad1 Be7 23. Be3 Nxh5 24. Rxd8+ Bxd8 25. Qd2 Be7 26. c4 b6 27. Bd7 Bxd7 28. Qxd7 Kb8 29. Qc6 Bc5 30. Bxc5 Qxc4 31. b4 Nf4 32. Nf1 bxc5 33. bxc5 Qb4 34. Ne3 Rf8 35. Nd5 Qb7 36. Qa4 Ne2+ 37. Kh2 Nd4 38. Rd2 Rd8 39. a3 Nb5 40. Qa5 Nd4 41. Rb2 1-0

[Event "CZE-chT2D 0809"]
[Site "Czech Republic"]
[Date "2008.11.23"]
[Round "3.1"]
[White "Riska, Lubomir"]
[Black "Buchnicek, Petr"]
[Result "1/2-1/2"]
[WhiteElo "2229"]
[BlackElo "2330"]
[PlyCount "137"]
[EventDate "2008.10.12"]
[EventType "team-tourn"]
[EventRounds "11"]
[EventCountry "CZE"]
[SourceTitle "EXT 2010"]
[Source "ChessBase"]
[SourceDate "2010.11.25"]
[SourceVersion "1"]
[SourceVersionDate "2010.11.25"]
[SourceQuality "1"]

1. d4 d5 2. c4 c6 3. Nf3 e6 4. Qc2 Bd6 5. g3 f5 6. Bg2 Nf6 7. 0-0 0-0 8. Bf4 Bxf4 9. gxf4 Ne4 10. Nbd2 Nd7 11. Nb3 Nd6 12. c5 Nf7 13. Nc1 Nf6 14. Nd3 Bd7 15. b4 Ne4 16. Nde5 Be8 17. a4 g5 18. Nxf7 Rxf7 19. Nxg5 Nxg5 20. fxg5 f4 21. h4 f3 22. exf3 Rf4 23. Qd2 Rxh4 24. Rfe1 Bd7 25. Re5 Qf8 26. Qe3 Qf7 27. b5 Rf8 28. bxc6 bxc6 29. Rb1 Bc8 30. Rb3 Qg7 31. a5 Qc7 32. Bf1 Rff4 33. Rb4 Qxa5 34. Rxe6 Qxb4 35. Re8+ Rf8 36. Rxc8 Qb7 37. Qe6+ Qf7 38. Rxf8+ Kxf8 39. Qxc6 Rxd4 40. Qc8+ Kg7 41. c6 Rd1 42. Kg2 a5 43. Qb8 Qf5 44. Qd8 Rc1 45. Bd3 Qf7 46. Qd6 a4 47. f4 a3 48. Qxa3 Rxc6 49. f5 Qc7 50. f6+ Kg8 51. Bf5 Qd8 52. Qa7 Rc7 53. Be6+ Kf8 54. Qa3+ Ke8 55. Qa4+ Kf8 56. Qb4+ Ke8 57. Qb5+ Kf8 58. Bxd5 Qc8 59. Qb4+ Rc5 60. Qe4 Qd7 61. Be6 Qc6 62. Qxc6 Rxc6 63. Bg4 Kf7 64. Bh5+ Ke6 65. Kg3 Rc3+ 66. f3 h6 67. f7 Ke7 68. gxh6 Rc6 69. Kg4 1/2-1/2

[Event "CZE-chT2d 0607"]
[Site "Czech Republic"]
[Date "2007.03.25"]
[Round "10.1"]
[White "Sabol, Marian"]
[Black "Riska, Lubomir"]
[Result "1/2-1/2"]
[WhiteElo "2282"]
[BlackElo "2218"]
[PlyCount "74"]
[EventDate "2006.10.15"]
[EventType "team"]
[EventRounds "11"]
[EventCountry "CZE"]
[SourceTitle "EXT 2009"]
[Source "ChessBase"]
[SourceDate "2008.11.26"]
[SourceVersion "1"]
[SourceVersionDate "2008.11.26"]
[SourceQuality "1"]

1. d4 Nf6 2. Bg5 Ne4 3. Bh4 c6 4. c3 d5 5. f3 Nd6 6. e3 Qb6 7. b3 c5 8. Bf2 cxd4 9. exd4 Bf5 10. Bd3 e6 11. Ne2 Be7 12. 0-0 0-0 13. Na3 Nc6 14. Nc2 Rfd8 15. Ne3 Bxd3 16. Qxd3 Qb5 17. Qd2 a5 18. a4 Qa6 19. Nf4 b5 20. Nd3 Nb7 21. axb5 Qxb5 22. Rfb1 Qb6 23. Ng4 Qc7 24. Bg3 Bd6 25. Bh4 Be7 26. Bxe7 Qxe7 27. Ra4 Rab8 28. Nge5 Nxe5 29. Nxe5 Qc7 30. Rba1 Nd6 31. b4 axb4 32. cxb4 Nc4 33. Qc3 Rdc8 34. Ra7 Rb7 35. Ra8 Rbb8 36. R8a7 Rb7 37. Ra8 Rbb8 1/2-1/2

[Event "CZE-chT2d 0607"]
[Site "Czech Republic"]
[Date "2006.10.15"]
[Round "1"]
[White "Jurka, Miroslav"]
[Black "Riska, Lubomir"]
[Result "1-0"]
[WhiteElo "2342"]
[BlackElo "2218"]
[PlyCount "99"]
[EventDate "2006.10.15"]
[EventType "team"]
[EventRounds "11"]
[EventCountry "CZE"]
[SourceTitle "EXT 2009"]
[Source "ChessBase"]
[SourceDate "2008.11.26"]
[SourceVersion "1"]
[SourceVersionDate "2008.11.26"]
[SourceQuality "1"]

1. Nf3 d5 2. d4 Nf6 3. c4 c6 4. Nc3 e6 5. e3 Nbd7 6. Bd3 dxc4 7. Bxc4 b5 8. Be2 Bb7 9. 0-0 b4 10. Na4 Be7 11. a3 a5 12. Qc2 0-0 13. Rd1 c5 14. Nxc5 Nxc5 15. dxc5 Qc7 16. axb4 axb4 17. Bd2 Qxc5 18. Qxc5 Bxc5 19. Ne5 Be7 20. f3 Rfd8 21. Rxa8 Bxa8 22. Nd3 Rb8 23. Bxb4 Bxb4 24. Nxb4 Kf8 25. Nd3 Bc6 26. e4 Bb5 27. Rd2 Ke7 28. Ne5 Be8 29. Kf2 Rb6 30. Bc4 Nd7 31. Nxd7 Bxd7 32. Ke3 f6 33. Kd4 Rd6+ 34. Kc3 Rxd2 35. Kxd2 Kd6 36. b4 e5 37. Kc3 Kc6 38. g3 g5 39. Bg8 h6 40. Kc4 Bh3 41. b5+ Kb6 42. Bf7 Bf1+ 43. Kd5 Kxb5 44. Ke6 Kc5 45. Kxf6 Kd4 46. Bh5 Bg2 47. Bg4 Bh1 48. h4 gxh4 49. gxh4 Bg2 50. h5 1-0

[Event "Tabor op"]
[Site "Tabor"]
[Date "2005.08.06"]
[Round "9"]
[White "Riska, Lubomir"]
[Black "Havlik, Jan"]
[Result "0-1"]
[WhiteElo "2177"]
[BlackElo "2185"]
[PlyCount "134"]
[EventDate "2005.07.30"]
[EventType "swiss"]
[EventRounds "9"]
[EventCountry "CZE"]
[SourceTitle "EXT 2006"]
[Source "ChessBase"]
[SourceDate "2005.11.24"]
[SourceVersion "1"]
[SourceVersionDate "2005.11.24"]
[SourceQuality "1"]

1. Nf3 Nf6 2. c4 g6 3. Nc3 Bg7 4. e4 d6 5. d4 0-0 6. Be2 e5 7. 0-0 Nc6 8. d5 Ne7 9. b4 Ne8 10. a4 f5 11. Nd2 Nf6 12. Ba3 f4 13. c5 g5 14. f3 Ng6 15. Nc4 Rf7 16. b5 dxc5 17. Bxc5 h5 18. a5 g4 19. Bf2 g3 20. hxg3 fxg3 21. Bxg3 h4 22. Bh2 Nh5 23. Ra2 Ngf4 24. Ne3 Qg5 25. Ng4 Ng3 26. Rf2 Bxg4 27. fxg4 Nfxe2+ 28. Raxe2 Nxe2+ 29. Qxe2 Rxf2 30. Kxf2 Qc1 31. Nd1 Bf8 32. Bxe5 Bc5+ 33. Ke1 Bb4+ 34. Kf2 Bc5+ 35. Ke1 Rf8 36. Qd3 Qg5 37. Bd4 Bb4+ 38. Bc3 Bxc3+ 39. Qxc3 Qxg4 40. Qe5 Qg3+ 41. Qxg3+ hxg3 42. Ke2 Rf4 43. Kd3 Kf7 44. Ne3 Rf2 45. e5 Ke7 46. Ke4 Rb2 47. b6 axb6 48. axb6 Rxb6 49. Nf5+ Kf7 50. Nxg3 Rb2 51. Nf5 Rxg2 52. d6 Ke6 53. dxc7 Rg4+ 54. Kd3 Kd7 55. Ne3 Rg3 56. Kd4 Kxc7 57. Nd5+ Kd7 58. Nb6+ Ke6 59. Nc4 b5 60. Na5 b4 61. Kc4 Rg4+ 62. Kb3 Kd5 63. e6 Kc5 64. Nb7+ Kc6 65. e7 Re4 66. Na5+ Kb5 67. Nb7 Re3+ 0-1